000 00267nam a2200097Ia 4500
001 1221465
005 20250827092829.0
008 250824s9999 xx 000 0 und d
245 0 _aİNSANLIĞIN SAADETİ İÇİN HZ MUHAMMED
_cMUSTAFA SOYKÖK
260 _bAGD YAYINCILIK
999 _c1221465
_d1221465